Quizzes
Events
Quiz Creation
Community
Videos
Private Events
Remove Ads
Sign In
Join for FREE
Feedback
Dark Mode
Quiz Categories
Sports
Geography
Music
Movies
Television
Just For Fun
Miscellaneous
History
Literature
Language
Science
Gaming
Entertainment
Religion
Holiday
For Kids
Quiz Lab
Recent
Popular Today
Quiz Kudos Today
Editor Picks
Curator Picks
Quizzes by...
Day
Popularity
Type
Ratings
Length
Year
Community
Subscriptions
Recent Discussions
Orange Saloon
Badges
Playlists
Quests
Create
Leaderboards
Showdown
Live 5
Trivia Bingo
Activity
Puzzle Library
Sporcle Events
Private Events
Virtual Trivia
Globe League
Become a Host
Pub Owners
SporcleCon
Opinionation
Our Games
Videos
Blog
Mobile Apps
Partnerships
Remove Ads and Go Orange
Feedback
Sports
Athletes
MLB
NBA
NHL
NFL
Soccer
Sports Teams
WWE
NCAA
Football
Premier League
Basketball
Baseball
Hockey
Golf
Tennis
Cricket
Rugby
Auto Racing
Olympics
World Cup
Sports
Athletes
MLB
NBA
NHL
NFL
Soccer
Sports Teams
WWE
NCAA
Football
Premier League
Basketball
Baseball
Hockey
Golf
Tennis
Cricket
Rugby
Auto Racing
Olympics
World Cup
Random Quiz
Search Sporcle
×
Quiz Lab
Quiz Lab
Sports
NHL
Type in answers that appear in a list
Type in answers that appear in a list
Classic
Best Score? Go Orange.
Edmonton Oilers All-Time Top Point Scorers Stats
Can you name the Edmonton Oilers All-Time Top Point Scorers?
By
johnnymac6
10m
130 Questions
820 Plays
820 Plays
820 Plays
Comments
Comments
Give Quiz Kudos
Give Quiz Kudos
-
- Ratings
hide this ad
Replay
Link that replays current quiz
Next Quiz
Link to next quiz in quiz playlist
You Got
0%
They Got
Avg Score
65%
Avg Friend Score
Upgrade to see
Score Distribution
Jump to the score distribution portion of the page
Score
0/130
Timer
10:00
0
Plays Today
Years
Player
% Correct
1980-
91
Mark Messier
100%
1980-
88
Wayne Gretzky
99.8%
1981-
90
Jari Kurri
99.8%
1995-
2007,12-
14
Ryan Smyth
99.5%
1981-
87
Paul Coffey
99.3%
1981-
91,96
Glenn Anderson
99%
2016-
Connor McDavid
99%
2012-
Ryan Nugent-Hopkins
98.4%
2015-
Leon Draisaitl
98.1%
2003-
14
Ales Hemsky
96.9%
1980-
92,97-
98
Kevin Lowe
96.9%
2011-
17
Jordan Eberle
96.7%
2011-
16
Taylor Hall
96.7%
1993-
2001
Doug Weight
96.4%
1985-
91
Steve Smith
96.2%
1999-
2007
Jason Smith
96.2%
1990-
94
Geoff Smith
96.2%
2001-
13
Shawn Horcoff
95.9%
1986-
93
Esa Tikkanen
95.5%
1994-
98
Jason Arnott
91%
1989-
90
Jimmy Carson
91%
2006
Chris Pronger
91%
1988-
93
Craig Simpson
90.7%
2015-
Darnell Nurse
90.2%
2014-
Oscar Klefbom
89.7%
1981-
91
Charlie Huddy
89%
1986-
94
Craig MacTavish
88.4%
1980-
88,89
Dave Hunter
88.3%
1998-
2001
Bill Guerin
87.6%
1985-
88
Mike Krushelnyski
87.4%
2013-
16
Nail Yakupov
87.2%
1992
Vincent Damphousse
87.1%
2008-
14,19-
Sam Gagner
86.6%
1993-
95
Shayne Corson
86.2%
1994-
2003
Todd Marchant
85.7%
1980-
87
Dave Semenko
85.7%
2001-
03,10
Mike Comrie
85.5%
1998-
2006
Georges Laraque
85.5%
1998-
2003
Janne Niinimaa
84.7%
1997-
2002
Mike Grier
83.6%
1980-
81
Blair MacDonald
83.3%
1983-
84,91
Ken Linseman
82.9%
1990-
93,97
Petr Klima
82.8%
1983-
90
Randy Gregg
82.2%
Years
Player
% Correct
1980-
87
Lee Fogolin
82.2%
1986-
88,99
Marty McSorley
81.9%
2017-
19
Milan Lucic
81.4%
1989-
93
Martin Gelinas
81.2%
1990-
92
Joe Murphy
81%
1988-
99
Kelly Buchberger
80.5%
1999-
2002
Tom Poti
80.5%
1987-
93
Craig Muni
80.2%
2010-
13
Ryan Whitney
80.2%
2008-
11
Dustin Penner
79.8%
1994-
99
Boris Mironov
79.7%
1999-
2000
Alex Selivanov
79.7%
2002-
04
Mike York
79.5%
1987-
92
Jeff Beukeboom
79.3%
1992-
94
Dave Manson
79.1%
1995-
97
David Oliver
78.6%
1999-
2010
Ethan Moreau
78.4%
1997-
2002,06
Rem Murray
77.9%
2007-
10
Robert Nilsson
76.4%
2007-
12
Tom Gilbert
76%
2003-
08
Jarret Stoll
75.9%
1984-
90
Kevin McClelland
75.7%
1980-
84,85-
87
Dave Lumley
75%
1992-
93
Scott Mellanby
75%
1993-
96
Zdeno Ciger
74.8%
2003-
06
Radek Dvorak
74.7%
2001-
03
Anson Carter
74.5%
1992-
93,99-
2000
Josef Beranek
74.5%
1992-
93
Bernie Nicholls
74.3%
2003-
10
Fernando Pisani
73.4%
1980-
82
Brett Callighen
72.2%
2011-
15
Jeff Petry
71.9%
1980-
82
Stan Weir
71.4%
2008-
11
Andrew Cogliano
71.2%
1991-
92
Anatoli Semenov
71.2%
1997-
99
Andrei Kovalenko
71%
2002-
10
Steve Staios
70.7%
1998-
2000
Roman Hamrlik
70.7%
2015-
17
Benoit Pouliot
70.3%
2006-
10
Marc Pouliot
70.3%
2017-
Adam Larsson
69.8%
2003-
07
Marc-Andre Bergeron
69.3%
2008-
10
Sheldon Souray
69%
1980-
82
Risto Siltanen
68.3%
Years
Player
% Correct
2014-
15
David Perron
68.1%
2015-
16
Teddy Purcell
68.1%
2016-
19
Andrej Sekera
67.8%
1981-
85
Pat Hughes
67.6%
2000-
01,04-
06
Igor Ulanov
67.1%
2013-
16
Justin Schultz
66.4%
1992-
97
Luke Richardson
66%
1980-
81
Pat Price
66%
2016-
Zack Kassian
65.9%
1996-
97
Miroslav Satan
65.5%
2007
Petr Sykora
65%
1999-
2000
Pat Falloon
64.8%
1996-
97
Mariusz Czerkawski
64.5%
1994-
99
Dean McAmmond
62.9%
1993-
96
Igor Kravchuk
62.4%
2007-
14
Ladislav Smid
62.4%
2008-
10,14
Denis Grebeshkov
62.1%
1983-
87
Jaroslav Pouzar
61.4%
1988-
92
Mark Lamb
61.4%
2016-
18
Mark Letestu
60.9%
1982-
86
Don Jackson
60.9%
2010-
14
Ryan Jones
60%
2016-
18
Patrick Maroon
59.7%
2002-
06,07-
08
Marty Reasoner
57.2%
1988-
94
Chris Joseph
57.2%
1987-
90
Normand Lacombe
56%
1985-
87
Mark Napier
55.5%
2017-
Kris Russell
54.7%
1983-
85
Willy Lindstrom
52.4%
2004-
08
Raffi Torres
52.1%
1980-
82
Doug Hicks
51.9%
2009-
10
Lubomir Visnovsky
50.2%
2011-
13
Magnus Paajarvi
48.1%
2001-
04
Eric Brewer
47.9%
1997-
99
Mats Lindgren
47.4%
2017-
Matt Benning
45.2%
1992-
96
Scott Thornton
44.8%
1984-
87
Raimo Summanen
43.4%
2006-
09,19
Kyle Brodziak
40.3%
1981-
84
Tom Roulston
39.8%
1981-
82
Matti Hagman
39.3%
2000-
03
Daniel Cleary
37.1%
Quiz Playlist
Details
Report
Send in Message
Add To Playlist
Classic:
Type in answers that appear in a list
Last Updated: Mar 1, 2020
Quiz Scoreboard
CHALLENGE
Sign Up to Join the Scoreboard
Show All
Scores
Hide
Comments
May contain spoilers
Recently Published
Presidents Visiting Landmarks
by Hejman
History
7m
An Introduction to Baseball
by treessimontrees
Sports
5m
Movies - When Are They Set?
by FPL_Elf
Movies
5m
More to Explore
Quiz From the Vault
Featured Blog Post
Where Did the Easter Bunny Come From?
hide this ad
You Might Also Like...
Tags
NHL Quiz
Edmonton Oilers
Today's Top Quizzes in Sports
Browse Sports
hide this ad
Today's Top Quizzes in NHL
Browse NHL
Top Contributed Quizzes in Sports
1
Les meilleurs buteurs des matchs entre le PSG et l’OM
2
2022 World Cup Stars
3
FIFA Club World Cup Champions
4
Les entraîneurs de l'OM et du PSG au 21e siècle
5
Name the Premier League winners with different clubs
6
5-to-1: UK Sports Teams
7
La finale Lions - Afrique du Sud 2021
8
Criteria MLB: Left Handed Sluggers
9
AFC Teams Reveal (Wrong Answers Minefield)
10
England Test cricketers to play under Nasser Hussain
Explore More
Trending Topics
Kpop
Anime
Harry Potter
Disney
Crossword
Marvel
NBA
WWE
Country
NFL
Pokémon
The Office
Puzzle
Soccer
Song
hide this ad
More By:
johnnymac6
Quiz
Plays
Rating
Category
Featured
Created
NFL 2020 QB Rushing Leaders
2,415
4.43
Sports
Nov 4, 2020
NFL 2018 Passing Leaders
2,192
5.00
Sports
Oct 30, 2018
NFL 2017 Passing Leaders
1,969
4.33
Sports
Oct 3, 2017
NFL 2019 Rushing Leaders
1,965
3.29
Sports
Oct 9, 2019
NFL 2020 Rushing Leaders
1,913
4.20
Sports
Oct 7, 2020
Go to Creator's Profile
Score Distribution
Quiz Creator Spotlight
johnnymac6
Follow
Send a Message
Quizzes Created
-
Created Quiz Play Count
-
More By This Creator
Popular Quizzes Today
1
Find the US States - No Outlines Minefield
2
Find the Countries of Europe - No Outlines Minefield
3
The Countries of the World
4
Find the US States
5
Popular People in 1961
6
US States
7
Risky Map Clicking: Biggest States A-Z
8
Movies - When Are They Set?
More Sports Quizzes
MLB 30-HR Seasons (1970s)
Published
Trending Quizzes
Risky Map Clicking: Least Populous States A-Z
1-10 Letter G Words
1-10 Letter F Words
Risky Map Clicking: Next State Alphabetically
Risky Map Clicking: Biggest States A-Z
Recently Updated
Leaping Animals
pecheneg
Reality TV Shows (A-Z)
bhenderson79
Rickey Henderson's Hall of Fame Teammates
pecheneg
Champions League XIs: Arsenal
pecheneg
Quick Pick: Celebrities in WWE's Hall of Fame
aduchscher
A-Z Keypad Blitz II
pecheneg
Multiple Oscar Actors
pecheneg
Mystery Phrase Blitz: Oscar 'Best Actors'
pecheneg
F. Scott Fitzgerald Novels
LTH
Pick 3 Villains
ddd62291
Trending Topics
Harry Potter
NBA
Disney
Marvel
Crossword
Kpop
Anime
NFL
WWE
The Office
Puzzle
Pokémon
Soccer
Country
Song
Your Account Isn't Verified!
In order to create a playlist on Sporcle, you need to verify the email address you used during registration. Go to your
Sporcle Settings
to finish the process.
Report this User
Report this user for behavior that violates our
Community Guidelines
.
Details:
Send Report
Go to the Sporcle.com Mobile Site →
Comments